000 00873cab a2200277 4500
001 ABS50662
008 090401t1994 xxu||||| |||| 00| 0 eng d
035 _a(Sirsi) u76975
041 _aeng
100 _aMason, P.
245 _aShifting to shared ownership
260 _c1994
350 _a0
490 _aHousing
_v(360) 6 May 1994, 12-13(2)
520 _aObserves the trend in housing association provision away from rented stock to home ownership and incentive schemes and quotes misgivings from officials worried about the change in emphasis.
650 _aDIY SHARED OWNERSHIP
650 _aHOME OWNERSHIP
650 _aHOUSING ASSOCIATIONS
650 _aRENTED HOUSING
650 _aSHARED OWNERSHIP
650 _aSOCIAL HOUSING
650 _aTENANTS INCENTIVE SCHEME
690 _aBlock management
_96220
942 _n0
948 _c04/03/1997
999 _c48365
_d48365